| 000 | 01281nam a22001697a 4500 | ||
|---|---|---|---|
| 008 | 250109t2024 xxk|||||o|||| 00| 0 eng d | ||
| 041 | _aeng | ||
| 110 | _aRoyal Institution of Chartered Surveyors | ||
| 245 |
_aStandards and Regulation Board Risk outlook 2024 _h[Electronic resource] |
||
| 260 |
_aLondon, _bRoyal Institution of Chartered Surveyors, _cJuly 2024 |
||
| 300 | _a22p. | ||
| 520 | _aThis report: • summarises major areas of risk to the profession that the SRB is actively monitoring, and that relate to the work RICS members and regulated firms undertake • provides an update on what RICS as a regulatory body is doing to support members and firms to mitigate these risks • outlines links to helpful resources and content for firms, members and the public when considering these risks • briefly highlights areas where we consider RICS members and firms should focus their attention and priorities over the coming year With foreword by Nigel Clarke, Chair, RICS Standards and Regulation Board | ||
| 651 | _aInternational | ||
| 710 | _aRoyal Institution of Chartered Surveyors | ||
| 856 |
_uhttps://www.rics.org/content/dam/ricsglobal/documents/about-rics/SRB-Risk-outlook-report-2024.pdf _zAvailable free on RICS.org |
||
| 942 | _n0 | ||
| 999 |
_c122087 _d122087 |
||